000 00775cab a2200205 4500
001 WB2546-07
008 090401t1989 xxu||||| |||| 00| 0 eng d
035 _a(Sirsi) u4123
041 _aeng
245 _aAbbeystead case not to be reopened
260 _c1989
350 _a0
490 _aDaily Telegraph
_v23/11/89 p26
520 _aNorth West Water Authority v Binnie and Partners QBD 9 November 1989. Binnie and Partners failed to reopen the issue of negligence as their defence since two actions from identical facts was considered "unreal". Also it was not in the public interest to continue litigation.
650 _aECKERSLEY AND PARTNERS V BINNEY AND OTHERS
650 _aPUMPING STATION
690 _aBUILT ENVIRONMENT
942 _n0
948 _c04/03/1997
999 _c2466
_d2466